Regulation and development : (Record no. 15172)

000 -LEADER
fixed length control field 00584nam a2200193 a 4500
020 ## - INTERNATIONAL STANDARD BOOK NUMBER
ISBN 0803996284 (U.S.)
020 ## - INTERNATIONAL STANDARD BOOK NUMBER
ISBN 8170361710 (India)
040 ## - CATALOGING SOURCE
Transcribing agency VYF
082 ## - DEWEY DECIMAL CLASSIFICATION NUMBER
Classification number 343 SAG 1989 A074 Or.
100 1# - MAIN ENTRY--AUTHOR NAME
Personal name Marathe, Sharad S.,
245 10 - TITLE STATEMENT
Title Regulation and development :
Remainder of title India's policy experience of controls over industry /
250 ## - EDITION STATEMENT
Edition statement 2nd ed
260 ## - PUBLICATION, DISTRIBUTION, ETC. (IMPRINT)
Place of publication New Delhi ;
-- Newbury Park [Cal.] :
Name of publisher Sage Publications,
Year of publication 1989
300 ## - PHYSICAL DESCRIPTION
Number of Pages 338 p. ;
Dimensions 22 cm
650 #0 - SUBJECT ADDED ENTRY--TOPICAL TERM
Topical Term Industrial policy
650 #0 - SUBJECT ADDED ENTRY--TOPICAL TERM
Topical Term Trade regulation
650 #0 - SUBJECT ADDED ENTRY--TOPICAL TERM
Topical Term Industrial laws and legislation
942 ## - ADDED ENTRY ELEMENTS (KOHA)
Koha item type សៀវភៅភាសាអង់គ្លេស
952 ## - LOCATION AND ITEM INFORMATION (KOHA)
Withdrawn status [LOCAL, KOHA] 0
Holdings
Permanent Location Date acquired Koha item type Lost status Shelving location Barcode Current Location Full call number
Library Block A2017-11-13សៀវភៅភាសាអង់គ្លេស A074A06073Library Block A343 SAG 1989 A074 Or.
មជ្ឈមណ្ឌលឯការនៃសាកលវិទ្យាល័យភូមិន្ទកសិកម្មចំការដូង

Powered by Koha